000 00718nam a2200205Ii 4500
003 JO-AjNU
008 230605s9999||||xx |||||||||||||| ||und||
040 _aJO-AjNU
_bara
_erda
_cJO-AjNU
041 _aara
050 1 4 _aBP130.4.S85 1983
100 3 _aتاليف السيوطي، جلال الدين عبد الرحمن بي ابي بكر,
_eauthor
_937332
245 0 0 _aلباب النقول في أسباب النزول
250 _aط4
264 3 1 _aبيروت: دار احياء العلوم، 1983
300 _a243ص
336 _atext
_btxt
_2rdacontent
337 _aunmediated
_bn
_2rdamedia
338 _avolume
_bnc
_2rdacarrier
650 4 _aالقران الكريم - اسباب النزول
_937333
999 _aA15589
_c19157
_d19157